General studies paper II : (Record no. 82904)

MARC details
000 -LEADER
fixed length control field 00677nam a22002057a 4500
005 - DATE AND TIME OF LATEST TRANSACTION
control field 20140311144954.0
010 ## - LCCN (DPL NO)
LC control number ENG-109528
020 ## - INTERNATIONAL STANDARD BOOK NUMBER
Terms of availability 1295.00
International Standard Book Number 9781259064388
020 ## - INTERNATIONAL STANDARD BOOK NUMBER
Terms of availability 1295.00
International Standard Book Number 1259064387
035 ## - SYSTEM CONTROL NUMBER
System control number EN-93061
037 ## - SOURCE OF ACQUISITION
Source of stock number/acquisition DBAD/PUB
082 ## - DEWEY DECIMAL CLASSIFICATION NUMBER
Classification number 000
245 00 - TITLE STATEMENT
Title General studies paper II :
Statement of responsibility, etc by Arun Sharma...[et al]
Remainder of title for Civil services preliminary examination /
260 ## - PUBLICATION, DISTRIBUTION, ETC. (IMPRINT)
Place of publication, distribution, etc New Delhi
Name of publisher, distributor, etc McGraw Hill Education
Date of publication, distribution, etc 2014
270 ## - ADDRESS
Address P-24, Green Park Extn.
City New Delhi
Postal code 110016
300 ## - PHYSICAL DESCRIPTION
Extent various pagings :
Dimensions 30cm(pbk)
Other physical details ill.
490 ## - SERIES STATEMENT
Series statement McGraw Hill education winning edge series
700 ## - ADDED ENTRY--PERSONAL NAME
Personal name Sharma, Arun
942 ## - ADDED ENTRY ELEMENTS (KOHA)
Source of classification or shelving scheme Dewey Decimal Classification
Item type English Books
Call number suffix GEN
Classification part 000
Holdings
Withdrawn status Lost status Not for loan Collection code Home library Current library Date acquired Source of acquisition Cost, normal purchase price Full call number Barcode Copy number Cost, replacement price Koha item type
    Not For Loan Non-fiction D.B.Act.Division D.B.Act.Division 06/03/2014 DBAD/PUB 1295.00 000 GEN EN-93061 1 1295.00 English Books

© Delhi Public Library
Hit Counter
free hit counter